| 000 | 00468 a2200169 4500 | ||
|---|---|---|---|
| 003 | NUST | ||
| 005 | 20251020133952.0 | ||
| 040 | _cNust | ||
| 082 | _a621.382,FAR | ||
| 100 |
_aFarooqi , Ali Arshad Capt (TE-35) _9131262 |
||
| 245 |
_aLaser levelling system / _cCapt Arshad Ali Farooqi , Capot Shahbaz Ahmed , Capt Atif Hameed |
||
| 260 |
_aRawalpindi _bMCS _c2002 |
||
| 300 | _a96, p; | ||
| 650 |
_aUG Projects _998716 |
||
| 651 |
_aTE-35 _9131263 |
||
| 942 |
_cPR _2ddc |
||
| 999 |
_c184007 _d184007 |
||